[Event "Muensterland Regionalliga 1819"]
[Site "Germany"]
[Date "2019.02.02"]
[Round "6.3"]
[White "Naumann, Felix"]
[Black "Ellenbroek, Ton"]
[Result "1-0"]
[WhiteElo "1860"]
[BlackElo "2042"]
[PlyCount "103"]
[EventDate "2018.09.08"]
[EventType "team-tourn"]
[EventRounds "9"]
[EventCountry "GER"]
[SourceTitle "EXT 2020"]
[Source "ChessBase"]
[SourceDate "2019.10.17"]
[SourceVersion "1"]
[SourceVersionDate "2019.10.17"]
[SourceQuality "1"]
[WhiteTeam "Bocholt"]
[BlackTeam "Gronau"]
[WhiteTeamCountry "GER"]
[BlackTeamCountry "GER"]

1. d4 Nf6 2. Nf3 b6 3. Bf4 Bb7 4. e3 g6 5. Bd3 Bg7 6. Nbd2 0-0 7. c3 d6 8. Bg3 e5 9. dxe5 dxe5 10. Bc4 e4 11. Nd4 c5 12. Nb5 Nh5 13. Bd6 Re8 14. Qb3 Qd7 15. Nc7 Nc6 16. Nxa8 Rxa8 17. Bg3 Na5 18. Qc2 Nxc4 19. Nxc4 Nxg3 20. hxg3 Qe6 21. Na3 Rd8 22. 0-0 Rd3 23. Rad1 c4 24. Nb5 a6 25. Nd4 Qg4 26. b3 b5 27. bxc4 bxc4 28. Rb1 Bd5 29. Rb8+ Bf8 30. Qa4 Kg7 31. Qe8 Bd6 32. Rd8 Rd1 33. Nc2 Qe2 34. Rxd1 Qxd1+ 35. Ne1 Qxe1+ 36. Kh2 Qe2 37. Qd7 Be6 38. Qxd6 Qxf2 39. Qd4+ Kh6 40. Qxe4 Qxa2 41. Rg8 Qa5 42. Qf4+ Qg5 43. Ra8 Kh5 44. Rxa6 h6 45. Ra5 f5 46. Qe5 Bd7 47. Qd4 Bc6 48. Qxc4 Be4 49. Qe2+ Qg4 50. Qxg4+ Kxg4 51. Re5 Bd3 52. Re6 1-0

[Event "Muensterland Regionalliga 1819"]
[Site "Germany"]
[Date "2018.12.01"]
[Round "4.3"]
[White "Lehmann, Holger"]
[Black "Ellenbroek, Ton"]
[Result "1-0"]
[WhiteElo "2139"]
[BlackElo "2042"]
[PlyCount "83"]
[EventDate "2018.09.08"]
[EventType "team-tourn"]
[EventRounds "9"]
[EventCountry "GER"]
[SourceTitle "EXT 2020"]
[Source "ChessBase"]
[SourceDate "2019.10.17"]
[SourceVersion "1"]
[SourceVersionDate "2019.10.17"]
[SourceQuality "1"]
[WhiteTeam "Emsdetten Rochade"]
[BlackTeam "Gronau"]
[WhiteTeamCountry "GER"]
[BlackTeamCountry "GER"]

1. d4 d5 2. c4 e6 3. Nc3 Nf6 4. cxd5 exd5 5. Bg5 Bb4 6. e3 0-0 7. Bd3 h6 8. Bh4 c5 9. a3 Bxc3+ 10. bxc3 c4 11. Bc2 Nbd7 12. f3 Re8 13. Bf2 Qa5 14. Ne2 b5 15. 0-0 Nb6 16. Qd2 Na4 17. Rac1 Nb2 18. Ng3 Qxa3 19. e4 Nd3 20. Ra1 Qe7 21. e5 Nh7 22. Bxd3 cxd3 23. Qxd3 b4 24. cxb4 Qxb4 25. f4 Qc4 26. Qf3 Ba6 27. Rfc1 Qd3 28. Qxd5 Rad8 29. Qe4 Qxe4 30. Nxe4 Bd3 31. Nc5 Bf5 32. Rxa7 g5 33. Rc7 gxf4 34. Nb7 Rd7 35. Nd6 Rxc7 36. Rxc7 Rb8 37. Nxf5 Rb1+ 38. Be1 Rxe1+ 39. Kf2 Ra1 40. Rc8+ Nf8 41. Kf3 Ra6 42. d5 1-0

[Event "Muensterland Regionalliga 1819"]
[Site "Germany"]
[Date "2018.09.29"]
[Round "2.3"]
[White "Kubo, Thomas"]
[Black "Ellenbroek, Ton"]
[Result "1/2-1/2"]
[WhiteElo "1983"]
[BlackElo "2042"]
[PlyCount "59"]
[EventDate "2018.09.08"]
[EventType "team-tourn"]
[EventRounds "9"]
[EventCountry "GER"]
[SourceTitle "EXT 2020"]
[Source "ChessBase"]
[SourceDate "2019.10.17"]
[SourceVersion "1"]
[SourceVersionDate "2019.10.17"]
[SourceQuality "1"]
[WhiteTeam "Muenster III"]
[BlackTeam "Gronau"]
[WhiteTeamCountry "GER"]
[BlackTeamCountry "GER"]

1. Nf3 d6 2. d4 g6 3. g3 Bg7 4. Bg2 Nd7 5. 0-0 e5 6. c4 exd4 7. Nxd4 Ne7 8. Nc3 0-0 9. e4 Ne5 10. b3 N7c6 11. Nxc6 bxc6 12. Bb2 Rb8 13. Qe2 Re8 14. f4 Nd7 15. Rad1 Qe7 16. Rfe1 Bb7 17. Qd2 Rbd8 18. Qf2 c5 19. Nb5 Bxb2 20. Qxb2 Nf8 21. e5 Bxg2 22. Kxg2 Ne6 23. exd6 cxd6 24. Qd2 a6 25. Nc3 Qb7+ 26. Qd5 Qxd5+ 27. Nxd5 Kg7 28. Kf2 a5 29. Nc3 Nd4 30. Nd5 1/2-1/2

[Event "NED-chT 1314"]
[Site "Netherlands"]
[Date "2014.03.08"]
[Round "6.9"]
[White "Mundorf, Johannes"]
[Black "Ellenbroek, Ton"]
[Result "1/2-1/2"]
[WhiteElo "2194"]
[BlackElo "2006"]
[PlyCount "68"]
[EventDate "2013.09.21"]
[EventType "team-tourn"]
[EventRounds "9"]
[EventCountry "NED"]
[SourceTitle "EXT 2015"]
[Source "ChessBase"]
[SourceDate "2014.11.20"]
[SourceVersion "1"]
[SourceVersionDate "2014.11.20"]
[SourceQuality "1"]
[WhiteTeam "Voerendaal"]
[BlackTeam "ESG Max Euwe"]
[WhiteTeamCountry "NED"]
[BlackTeamCountry "NED"]

1. Nf3 Nf6 2. g3 d5 3. Bg2 g6 4. b3 Bg7 5. Bb2 0-0 6. c4 c5 7. cxd5 Nxd5 8. Bxg7 Kxg7 9. 0-0 Nc6 10. d4 cxd4 11. Nxd4 Ndb4 12. Nxc6 Nxc6 13. Bxc6 bxc6 14. Qxd8 Rxd8 15. Nc3 Ba6 16. Rfd1 Rd6 17. f4 Rad8 18. Kf2 f5 19. Rxd6 Rxd6 20. Rd1 Kf6 21. e4 Rxd1 22. e5+ Ke6 23. Nxd1 Kd5 24. Ke3 Kc5 25. a3 Bf1 26. Nb2 Bb5 27. Nd1 Bf1 28. Nf2 Kd5 29. Nd1 Kc5 30. Nc3 Bb5 31. Nb1 Bf1 32. h4 h5 33. Nc3 Bb5 34. Nd1 Bf1 1/2-1/2

[Event "Dieren op"]
[Site "Dieren"]
[Date "2012.07.25"]
[Round "2"]
[White "Hoogland, Dirk"]
[Black "Ellenbroek, Ton"]
[Result "1-0"]
[WhiteElo "2169"]
[BlackElo "2047"]
[PlyCount "89"]
[EventDate "2012.07.24"]
[EventType "swiss"]
[EventRounds "9"]
[EventCountry "NED"]
[SourceTitle "CBM 149 Extra"]
[Source "ChessBase"]
[SourceDate "2012.08.24"]
[SourceVersion "1"]
[SourceVersionDate "2012.08.24"]
[SourceQuality "1"]

1. e4 d6 2. d4 Nf6 3. Nc3 e5 4. Nf3 Nbd7 5. Bc4 Be7 6. 0-0 0-0 7. h3 c6 8. a4 Nxe4 9. Nxe4 d5 10. Ba2 dxe4 11. Nxe5 Nxe5 12. dxe5 Qxd1 13. Rxd1 Bf5 14. c3 Rfd8 15. Be3 b6 16. Bb3 Rxd1+ 17. Rxd1 Rd8 18. Rd4 c5 19. Rxd8+ Bxd8 20. Bd5 Bc7 21. Bf4 Kf8 22. Bg3 Ke7 23. Kf1 Bd7 24. a5 bxa5 25. Bxe4 Ke6 26. f4 f5 27. exf6 Kxf6 28. Bxh7 g6 29. Bg8 Kf5 30. Bf2 Bxf4 31. Bxc5 a4 32. Bd5 Bc1 33. Ba3 Ke5 34. Bf3 Kf4 35. Ke2 Be6 36. Kd1 Be3 37. Bd6+ Kg5 38. Be4 Bd7 39. c4 Kf6 40. c5 Bb5 41. c6 Bd4 42. Kc2 Ba6 43. Bf3 Ke6 44. Bf4 Be5 45. Bg4+ 1-0

[Event "Hoogeveen Unive op"]
[Site "Hoogeveen"]
[Date "2009.10.17"]
[Round "2"]
[White "Haast, Anne"]
[Black "Ellenbroek, Ton"]
[Result "1/2-1/2"]
[WhiteElo "2215"]
[BlackElo "2078"]
[PlyCount "90"]
[EventDate "2009.10.16"]
[EventType "swiss"]
[EventRounds "9"]
[EventCountry "NED"]
[SourceTitle "CBM 132 Extra"]
[Source "ChessBase"]
[SourceDate "2009.11.03"]
[SourceVersion "1"]
[SourceVersionDate "2009.11.03"]
[SourceQuality "1"]

1. e4 e5 2. Nf3 Nc6 3. Bb5 Nge7 4. 0-0 g6 5. c3 Bg7 6. d4 exd4 7. cxd4 d5 8. exd5 Nxd5 9. Bg5 Qd6 10. Re1+ Be6 11. Nbd2 0-0 12. Ne4 Qb4 13. Bxc6 bxc6 14. Qc2 Rab8 15. b3 Rb6 16. Bd2 Qb5 17. Nc5 Bf5 18. Qc1 Rbb8 19. a4 Qb6 20. Ne5 Rbd8 21. h3 Rd6 22. Bh6 Qb4 23. Bxg7 Kxg7 24. Nc4 Rdd8 25. Re5 Qc3 26. Qxc3 Nxc3 27. Re3 Nd5 28. Ree1 Nb4 29. g4 Bc8 30. Rad1 Rfe8 31. Rxe8 Rxe8 32. Ne3 f5 33. gxf5 gxf5 34. Nd3 Nxd3 35. Rxd3 Rd8 36. Rc3 f4 37. Ng4 h5 38. Ne5 Rxd4 39. Rxc6 Bxh3 40. Rxc7+ Kf6 41. Nf3 Rd3 42. Rf7+ Kxf7 43. Ne5+ Ke7 44. Nxd3 Be6 45. b4 f3 1/2-1/2

[Event "Dieren op"]
[Site "Dieren"]
[Date "2009.07.22"]
[Round "2"]
[White "Ellenbroek, Ton"]
[Black "Bosch, Jeroen"]
[Result "0-1"]
[WhiteElo "2115"]
[BlackElo "2456"]
[PlyCount "66"]
[EventDate "2009.07.21"]
[EventType "swiss"]
[EventRounds "9"]
[EventCountry "NED"]
[SourceTitle "CBM 131 Extra"]
[Source "ChessBase"]
[SourceDate "2009.09.03"]
[SourceVersion "2"]
[SourceVersionDate "2009.09.16"]
[SourceQuality "1"]

1. d4 f5 2. g3 Nf6 3. Bg2 g6 4. c4 Bg7 5. Nf3 0-0 6. 0-0 d6 7. Nc3 Qe8 8. d5 a5 9. Be3 Na6 10. Qc1 Ng4 11. Bd4 Bh6 12. Ng5 Bd7 13. f4 c5 14. dxc6 bxc6 15. h3 e5 16. Bf2 Nxf2 17. Rxf2 Bg7 18. Nf3 e4 19. Ne1 Be6 20. e3 Qf7 21. Bf1 Nc5 22. Rc2 Rfb8 23. b3 a4 24. Rb1 axb3 25. axb3 Rxb3 26. Rxb3 Nxb3 27. Qd1 Rd8 28. Ne2 Qa7 29. Kf2 Qc5 30. Nc3 Na5 31. Ne2 Bxc4 32. Nd4 Bxd4 33. exd4 Qd5 0-1

[Event "Mazars op"]
[Site "Almelo"]
[Date "2006.04.14"]
[Round "1"]
[White "Khenkin, Igor"]
[Black "Ellenbroek, Ton"]
[Result "1-0"]
[WhiteElo "2595"]
[BlackElo "2107"]
[PlyCount "73"]
[EventDate "2006.04.14"]
[EventType "swiss"]
[EventRounds "5"]
[EventCountry "NED"]
[SourceTitle "EXT 2007"]
[Source "ChessBase"]
[SourceDate "2006.11.23"]
[SourceVersion "1"]
[SourceVersionDate "2006.11.23"]
[SourceQuality "1"]

1. d4 d6 2. e4 Nf6 3. Nc3 e5 4. dxe5 dxe5 5. Qxd8+ Kxd8 6. Bg5 Be6 7. g3 h6 8. Bxf6+ gxf6 9. f4 Bc5 10. 0-0-0+ Ke8 11. f5 Bc8 12. Nd5 Bd6 13. Nxf6+ Kf8 14. Nf3 Nc6 15. Bb5 h5 16. Bxc6 bxc6 17. g4 Ba6 18. Nd7+ Ke8 19. Nfxe5 hxg4 20. Nf6+ Kf8 21. Nexg4 Ke7 22. e5 Bc5 23. Rd7+ Kf8 24. Ne4 Bb6 25. Ng5 Be2 26. Rxf7+ Ke8 27. Nf6+ Kd8 28. Kd2 Bc4 29. e6 Kc8 30. b3 Rd8+ 31. Rd7 Bd4 32. bxc4 Bxf6 33. Ne4 Be5 34. Rxd8+ Kxd8 35. f6 Ke8 36. Rg1 Rd8+ 37. Ke2 1-0

[Event "Dieren op"]
[Site "Dieren"]
[Date "2005.08.04"]
[Round "9"]
[White "Wielenga, Wiebe"]
[Black "Ellenbroek, Ton"]
[Result "1-0"]
[WhiteElo "2168"]
[BlackElo "2141"]
[PlyCount "73"]
[EventDate "2005.07.26"]
[EventType "swiss"]
[EventRounds "9"]
[EventCountry "NED"]
[SourceTitle "CBM 107 Extra"]
[Source "ChessBase"]
[SourceDate "2005.09.01"]
[SourceVersion "1"]
[SourceVersionDate "2005.09.01"]
[SourceQuality "1"]

1. Nf3 d5 2. d4 c5 3. g3 cxd4 4. Nxd4 e5 5. Nb3 Nc6 6. Bg2 Be6 7. 0-0 Qd7 8. Nc3 Rd8 9. e4 d4 10. Nd5 f5 11. c4 dxc3 12. bxc3 fxe4 13. c4 Nf6 14. Bg5 Bxd5 15. Bxf6 gxf6 16. cxd5 Qxd5 17. Qh5+ Qf7 18. Qf5 Qg6 19. Qe6+ Be7 20. Rfd1 f5 21. Rxd8+ Nxd8 22. Qxe5 Qf6 23. Qb5+ Kf7 24. Bh3 Kg6 25. Rd1 Ne6 26. Qxb7 h5 27. Rd5 Ng7 28. Nd4 h4 29. Nxf5 Qa1+ 30. Kg2 Nxf5 31. Bxf5+ Kf7 32. Qb3 Kf8 33. h3 hxg3 34. Bg6 Kg7 35. Rf5 Kh6 36. Qf7 Qd1 37. Rh5+ 1-0

[Event "Dieren op"]
[Site "Dieren"]
[Date "2005.07.27"]
[Round "2"]
[White "Ellenbroek, Ton"]
[Black "Struik, Tjapko"]
[Result "0-1"]
[WhiteElo "2141"]
[BlackElo "2206"]
[PlyCount "52"]
[EventDate "2005.07.26"]
[EventType "swiss"]
[EventRounds "9"]
[EventCountry "NED"]
[SourceTitle "CBM 107 Extra"]
[Source "ChessBase"]
[SourceDate "2005.09.01"]
[SourceVersion "1"]
[SourceVersionDate "2005.09.01"]
[SourceQuality "1"]

1. d3 d5 2. g3 e5 3. Bg2 Nf6 4. e4 dxe4 5. dxe4 Qxd1+ 6. Kxd1 Bc5 7. f3 Be6 8. Nd2 Nc6 9. c3 0-0-0 10. Kc2 h6 11. Bh3 Rhe8 12. Nc4 b5 13. Bxe6+ Rxe6 14. Be3 Nd4+ 15. cxd4 exd4 16. Bxh6 bxc4 17. Bg5 d3+ 18. Kd1 Bd4 19. Rc1 Rc6 20. Rb1 Kd7 21. e5 Bxe5 22. f4 Bxb2 23. Rxb2 c3 24. Bxf6 gxf6 25. Rf2 c2+ 26. Kc1 Rb8 0-1

[Event "Dieren op"]
[Site "Dieren"]
[Date "2005.07.26"]
[Round "1"]
[White "Halay, Taufik"]
[Black "Ellenbroek, Ton"]
[Result "1-0"]
[WhiteElo "2320"]
[BlackElo "2141"]
[PlyCount "79"]
[EventDate "2005.07.26"]
[EventType "swiss"]
[EventRounds "9"]
[EventCountry "NED"]
[SourceTitle "CBM 107 Extra"]
[Source "ChessBase"]
[SourceDate "2005.09.01"]
[SourceVersion "1"]
[SourceVersionDate "2005.09.01"]
[SourceQuality "1"]

1. d4 d6 2. Nf3 g6 3. c4 Bg7 4. e4 e5 5. Nc3 Nc6 6. Bg5 f6 7. Be3 Nh6 8. h3 Nf7 9. d5 Ne7 10. g4 Bh6 11. Bxh6 Nxh6 12. Nd2 g5 13. h4 Bxg4 14. f3 Bd7 15. hxg5 Nf7 16. gxf6 Ng6 17. Qb3 b6 18. 0-0-0 Qxf6 19. Nb5 Kd8 20. Bh3 Bxh3 21. Rxh3 Nf4 22. Rh2 h5 23. Kb1 h4 24. c5 dxc5 25. d6 Nxd6 26. Nc4 Qg7 27. Ncxd6 cxd6 28. Nxd6 Kc7 29. Nb5+ Kb7 30. Rhd2 Rh7 31. Nd6+ Kc7 32. Qa4 h3 33. Ne8+ Rxe8 34. Qxa7+ Kc8 35. Qa8+ Kc7 36. Qxe8 h2 37. Rd6 Nd5 38. Qc6+ Kb8 39. Rd8+ Ka7 40. Ra8# 1-0

[Event "Oberliga NRW 0405"]
[Site "Germany"]
[Date "2004.12.12"]
[Round "4.8"]
[White "Ellenbroek, Ton"]
[Black "Spitzer, Erwin"]
[Result "1/2-1/2"]
[WhiteElo "2105"]
[BlackElo "2009"]
[PlyCount "142"]
[EventDate "2004.10.10"]
[EventType "team-tourn"]
[EventRounds "9"]
[EventCountry "GER"]
[SourceTitle "EXT 2006"]
[Source "ChessBase"]
[SourceDate "2005.11.24"]
[SourceVersion "1"]
[SourceVersionDate "2005.11.24"]
[SourceQuality "1"]
[WhiteTeam "Gescher"]
[BlackTeam "Duisburg/Hochheide"]
[WhiteTeamCountry "GER"]
[BlackTeamCountry "GER"]

1. d4 d5 2. c4 e6 3. Nc3 c6 4. Nf3 dxc4 5. Bg5 Be7 6. Bxe7 Qxe7 7. e3 b5 8. a4 b4 9. Ne4 a5 10. Bxc4 Ba6 11. Qe2 Nf6 12. Nxf6+ gxf6 13. 0-0 0-0 14. Rfc1 Kh8 15. Bxa6 Rxa6 16. Rc5 Qb7 17. Rh5 Rg8 18. e4 Nd7 19. b3 Raa8 20. Rc1 Rg7 21. g3 Qb6 22. Qc4 Rc8 23. d5 c5 24. Rd1 e5 25. Nh4 Qd8 26. Nf5 Nb6 27. Qb5 Rg4 28. f3 Rg5 29. Rxg5 fxg5 30. d6 Nd7 31. Ne7 Rb8 32. Nc6 Rxb5 33. Nxd8 Rb6 34. Nxf7+ Kg7 35. Nxg5 c4 36. bxc4 b3 37. Ne6+ Kf6 38. Nc7 Rc6 39. Rb1 Rxc4 40. Rxb3 Rxa4 41. Kg2 Rd4 42. Rb5 a4 43. Ra5 Kg6 44. Nd5 Kf7 45. Ne3 Rd3 46. Nc4 Ke6 47. f4 exf4 48. gxf4 Rc3 49. f5+ Kf6 50. Rxa4 Nc5 51. d7 Nxd7 52. Ra6+ Kg5 53. Nd6 Kf4 54. Ra7 Rc2+ 55. Kf1 Kf3 56. Ke1 Ke3 57. Ra3+ Kf4 58. Rh3 Nf6 59. Rh4+ Ke3 60. Kd1 Rd2+ 61. Kc1 Rxd6 62. e5 Rc6+ 63. Kb2 Nd7 64. e6 Nf6 65. Rh6 Ng8 66. Rxh7 Kf4 67. Rf7 Ke5 68. Kb3 Rc8 69. h4 Nh6 70. Rd7 Nxf5 71. e7 Nxe7 1/2-1/2

[Event "Muensterland Verbandsklasse-A 0405"]
[Site "Muensterland"]
[Date "2004.11.06"]
[Round "3.1"]
[White "Ellenbroek, Ton"]
[Black "Storck, Martin"]
[Result "1-0"]
[WhiteElo "2081"]
[BlackElo "2003"]
[PlyCount "103"]
[EventDate "2004.09.11"]
[EventType "team"]
[EventRounds "9"]
[EventCountry "GER"]
[SourceTitle "EXT 2006"]
[Source "ChessBase"]
[SourceDate "2005.11.24"]
[SourceVersion "1"]
[SourceVersionDate "2005.11.24"]
[SourceQuality "1"]
[WhiteTeam "Gesch II"]
[BlackTeam "Gronau"]
[WhiteTeamCountry "GER"]
[BlackTeamCountry "GER"]

1. d4 d5 2. Bg5 h6 3. Bh4 c5 4. dxc5 Qa5+ 5. Nc3 e6 6. a3 Bxc5 7. Nf3 Be7 8. b4 Qd8 9. Bxe7 Nxe7 10. e4 0-0 11. e5 Nbc6 12. Bd3 Nxe5 13. Nxe5 Qc7 14. Nxd5 Qxe5+ 15. Ne3 Nd5 16. 0-0 Nxe3 17. fxe3 Qxe3+ 18. Kh1 e5 19. Bc4 Qd4 20. Qxd4 exd4 21. Rxf7 Rxf7 22. Rf1 Bf5 23. Rxf5 Raf8 24. Kg1 g6 25. Rf4 Kg7 26. Bxf7 Rxf7 27. Rxd4 g5 28. c4 Kf6 29. Rd6+ Ke5 30. Rxh6 Rd7 31. Rg6 Kf5 32. Rg8 Rd1+ 33. Kf2 Rd2+ 34. Kf1 Ra2 35. Rg7 Rxa3 36. Rxb7 Ra1+ 37. Kf2 Ra2+ 38. Ke3 Rxg2 39. Rxa7 Rxh2 40. Ra5+ Kg4 41. b5 Rb2 42. c5 Kf5 43. Kd4 g4 44. b6 Ke6 45. Ra7 g3 46. Rg7 g2 47. Rg6+ Kf7 48. Rg3 Ke6 49. Kc3 Ra2 50. Kb3 Ra1 51. Rxg2 Kd5 52. b7 1-0

[Event "Muensterland Verbandsklasse-A 0405"]
[Site "Muensterland"]
[Date "2004.09.11"]
[Round "1.1"]
[White "Ellenbroek, Ton"]
[Black "Sarana Hungeling, Oksana"]
[Result "1-0"]
[WhiteElo "2081"]
[BlackElo "2140"]
[PlyCount "80"]
[EventDate "2004.09.11"]
[EventType "team"]
[EventRounds "9"]
[EventCountry "GER"]
[SourceTitle "EXT 2006"]
[Source "ChessBase"]
[SourceDate "2005.11.24"]
[SourceVersion "1"]
[SourceVersionDate "2005.11.24"]
[SourceQuality "1"]
[WhiteTeam "Gesch II"]
[BlackTeam "Emsdetten Turm III"]
[WhiteTeamCountry "GER"]
[BlackTeamCountry "GER"]

1. e4 e6 2. d3 d5 3. Nd2 Nf6 4. Ngf3 Bc5 5. Be2 Nc6 6. 0-0 0-0 7. c3 dxe4 8. Nxe4 Nxe4 9. dxe4 e5 10. b4 Bd6 11. a3 Qe7 12. Nd2 a5 13. b5 Nd8 14. Nc4 Bc5 15. Bg4 c6 16. a4 cxb5 17. axb5 b6 18. Ne3 Bb7 19. Nd5 Qd6 20. Be3 f5 21. Bf3 Bxd5 22. Bxc5 Qxc5 23. Qxd5+ Qxd5 24. exd5 e4 25. Be2 Rc8 26. c4 Nb7 27. f3 e3 28. f4 Nd6 29. Rfc1 Rc5 30. Ra3 Re8 31. Rcc3 Re4 32. g3 Nxc4 33. Ra2 Rd4 34. Rac2 Nd6 35. Rxc5 bxc5 36. Rxc5 Ne4 37. Rc8+ Kf7 38. Kg2 Ke7 39. Kf3 Rxd5 40. b6 Nd6 1-0

[Event "Dieren op"]
[Site "Dieren"]
[Date "2003.07.26"]
[Round "5"]
[White "Pool, Wim"]
[Black "Ellenbroek, Ton"]
[Result "1-0"]
[WhiteElo "2132"]
[BlackElo "2087"]
[PlyCount "79"]
[EventDate "2003.07.22"]
[EventType "swiss"]
[EventRounds "9"]
[EventCountry "NED"]
[SourceTitle "CBM 095 Extra"]
[Source "ChessBase"]
[SourceDate "2003.09.04"]
[SourceVersion "1"]
[SourceVersionDate "2003.09.04"]
[SourceQuality "1"]

1. e4 d6 2. Bc4 Nf6 3. d3 e6 4. Nf3 d5 5. exd5 exd5 6. Bb3 Be7 7. 0-0 0-0 8. h3 Nc6 9. Nc3 a6 10. Bf4 Na5 11. Re1 c5 12. Nxd5 Nxd5 13. Bxd5 Qxd5 14. Rxe7 Be6 15. Ng5 b5 16. Nxe6 fxe6 17. Qg4 g6 18. Bh6 Rf5 19. Re1 e5 20. Qe4 Rd8 21. Qxd5+ Rxd5 22. Rg7+ Kh8 23. Ra7 Nc6 24. Rxa6 Nd8 25. g4 Rf7 26. Ra8 Rfd7 27. f4 Kg8 28. Bg5 Kf7 29. Bxd8 Rxd8 30. Rxd8 Rxd8 31. fxe5 Ke6 32. Re3 b4 33. c3 bxc3 34. bxc3 Ra8 35. Re2 Ra3 36. Rc2 Kxe5 37. Kg2 Kf4 38. Kf2 g5 39. Re2 Ra4 40. c4 1-0

[Event "Dieren op"]
[Site "Dieren"]
[Date "2003.07.23"]
[Round "2"]
[White "Ellenbroek, Ton"]
[Black "Brokken, Dennis"]
[Result "1/2-1/2"]
[WhiteElo "2087"]
[BlackElo "2187"]
[PlyCount "92"]
[EventDate "2003.07.22"]
[EventType "swiss"]
[EventRounds "9"]
[EventCountry "NED"]
[SourceTitle "CBM 095 Extra"]
[Source "ChessBase"]
[SourceDate "2003.09.04"]
[SourceVersion "1"]
[SourceVersionDate "2003.09.04"]
[SourceQuality "1"]

1. d4 Nf6 2. c4 e6 3. Nc3 Bb4 4. Qc2 0-0 5. e4 c5 6. a3 Bxc3+ 7. bxc3 cxd4 8. cxd4 d5 9. e5 Nfd7 10. cxd5 exd5 11. Nf3 Re8 12. Bd3 Nf8 13. 0-0 Nc6 14. h3 Be6 15. Be3 h6 16. Rab1 Re7 17. Qd2 Ng6 18. Nh2 Qa5 19. Qxa5 Nxa5 20. f4 Nf8 21. f5 Bc8 22. Rfc1 Nc4 23. Bxc4 dxc4 24. g4 Rc7 25. Rb4 Nd7 26. Rbxc4 Rxc4 27. Rxc4 Nb6 28. Rc5 g6 29. fxg6 fxg6 30. Bxh6 Be6 31. Rc7 Rd8 32. Nf3 Rd7 33. Rxd7 Bxd7 34. Kf2 Kf7 35. Be3 Ke6 36. Ng5+ Kd5 37. Kf3 Nc4 38. Ne4 Bc6 39. h4 Nxe5+ 40. dxe5 Kxe5 41. Bxa7 Bxe4+ 42. Ke3 Bc6 43. Bb8+ Kf6 44. Kf4 g5+ 45. Kg3 gxh4+ 46. Kxh4 Kg6 1/2-1/2

[Event "Dieren op"]
[Site "Dieren"]
[Date "2002.07.15"]
[Round "6"]
[White "Ellenbroek, Ton"]
[Black "Verholt, Gerard"]
[Result "1-0"]
[WhiteElo "2062"]
[BlackElo "2134"]
[PlyCount "75"]
[EventDate "2002.07.09"]
[EventType "swiss"]
[EventRounds "9"]
[EventCountry "NED"]
[SourceTitle "CBM 089 Extra"]
[Source "ChessBase"]
[SourceDate "2002.09.10"]
[SourceVersion "2"]
[SourceVersionDate "2002.09.10"]
[SourceQuality "1"]

1. d4 d5 2. c4 c6 3. Nf3 e6 4. Qb3 Qb6 5. c5 Qxb3 6. axb3 Nd7 7. Bf4 f6 8. e3 g5 9. Bg3 h5 10. h4 g4 11. Nfd2 e5 12. b4 Ne7 13. Bd3 Bg7 14. Nb3 Nf8 15. Nc3 Ne6 16. 0-0 e4 17. Bc2 Nf5 18. b5 0-0 19. Na5 Bd7 20. Nxb7 Nxg3 21. fxg3 Bh6 22. Rfe1 Nc7 23. bxc6 Bxc6 24. Na5 Bd7 25. Bb3 Be6 26. Nc6 Kf7 27. Kf2 a6 28. Ra3 Nb5 29. Nxb5 axb5 30. Rea1 Rxa3 31. Rxa3 Rc8 32. Ra7+ Kf8 33. Nb4 Rd8 34. c6 Rc8 35. c7 Ke7 36. Bxd5 Bxd5 37. Nxd5+ Kd6 38. Nxf6 1-0

[Event "Dieren op"]
[Site "Dieren"]
[Date "2002.07.10"]
[Round "2"]
[White "Ellenbroek, Ton"]
[Black "Janssen, Ruud"]
[Result "0-1"]
[WhiteElo "2062"]
[BlackElo "2468"]
[PlyCount "80"]
[EventDate "2002.07.09"]
[EventType "swiss"]
[EventRounds "9"]
[EventCountry "NED"]
[SourceTitle "CBM 089 Extra"]
[Source "ChessBase"]
[SourceDate "2002.09.10"]
[SourceVersion "2"]
[SourceVersionDate "2002.09.10"]
[SourceQuality "1"]

1. d4 Nf6 2. Nc3 d5 3. Bf4 c5 4. e3 e6 5. Nf3 Be7 6. h3 0-0 7. Be2 Nc6 8. 0-0 b6 9. Ne5 Bb7 10. Bf3 Nxe5 11. Bxe5 a6 12. g4 b5 13. Bg2 Rc8 14. Ne2 cxd4 15. exd4 b4 16. c3 a5 17. Re1 Ne4 18. Rc1 Ba6 19. Ng3 Nxg3 20. Bxg3 bxc3 21. Rxc3 Qb6 22. Rb3 Qa7 23. a3 Rc4 24. Qd2 a4 25. Rd3 Rfc8 26. Bf1 Qb6 27. Qf4 Rc2 28. Rf3 Rf8 29. Bxa6 Qxa6 30. b4 axb3 31. Rxb3 Ra2 32. Qc7 Rxa3 33. Rb7 Ra1 34. Rxa1 Qxa1+ 35. Kh2 Bd8 36. Qd7 Qxd4 37. Bd6 Qxf2+ 38. Kh1 Qf1+ 39. Kh2 Qf2+ 40. Kh1 Bb6 0-1

[Event "NED-chT 0102"]
[Site "Netherlands"]
[Date "2002.01.05"]
[Round "5.10"]
[White "Van Harreveld, Frenk"]
[Black "Ellenbroek, Ton"]
[Result "1-0"]
[WhiteElo "2308"]
[BlackElo "2084"]
[PlyCount "71"]
[EventDate "2001.09.29"]
[EventType "team-tourn"]
[EventRounds "9"]
[EventCountry "NED"]
[SourceTitle "EXT 2015"]
[Source "ChessBase"]
[SourceDate "2014.11.20"]
[SourceVersion "1"]
[SourceVersionDate "2014.11.20"]
[SourceQuality "1"]
[WhiteTeam "VastNed Rotterdam"]
[BlackTeam "ING/ESGOO Enschede"]
[WhiteTeamCountry "NED"]
[BlackTeamCountry "NED"]

1. d4 d6 2. Nf3 g6 3. c3 Bg7 4. e4 Nf6 5. Bd3 0-0 6. 0-0 c5 7. h3 d5 8. e5 Ne4 9. Re1 Nc6 10. a3 cxd4 11. cxd4 f6 12. Bxe4 dxe4 13. Rxe4 Kh8 14. exf6 exf6 15. Nc3 f5 16. Bg5 Qc7 17. Rh4 Be6 18. d5 Rad8 19. Bxd8 Rxd8 20. dxe6 Rxd1+ 21. Rxd1 Qe7 22. Rd7 Qc5 23. Nd5 g5 24. Rh5 g4 25. e7 Nxe7 26. Nxe7 Qc1+ 27. Kh2 Qf4+ 28. Kg1 Qc1+ 29. Kh2 Qf4+ 30. Kh1 Qc1+ 31. Ng1 gxh3 32. Rd8+ Bf8 33. Rxf8+ Kg7 34. Rfxf5 hxg2+ 35. Kxg2 Qxb2 36. Rhg5+ 1-0

[Event "Hoogeveen Essent op"]
[Site "Hoogeveen"]
[Date "2001.10.18"]
[Round "7"]
[White "Roberts, Paul"]
[Black "Ellenbroek, Ton"]
[Result "1-0"]
[WhiteElo "2155"]
[BlackElo "2117"]
[PlyCount "85"]
[EventDate "2001.10.12"]
[EventType "swiss"]
[EventRounds "9"]
[EventCountry "NED"]
[SourceTitle "CBM 084 Extra"]
[Source "ChessBase"]
[SourceDate "2001.10.26"]
[SourceVersion "1"]
[SourceVersionDate "2001.10.26"]
[SourceQuality "1"]

1. d4 d6 2. e4 Nf6 3. Nc3 e5 4. Nf3 Nbd7 5. Bc4 Be7 6. 0-0 0-0 7. a4 c6 8. Re1 b6 9. Qe2 a6 10. Bg5 h6 11. Bh4 Nh5 12. Bg3 Nxg3 13. hxg3 Qc7 14. Rad1 exd4 15. Nxd4 Ne5 16. Nf5 Bxf5 17. exf5 Nxc4 18. Qxe7 Qxe7 19. Rxe7 d5 20. b3 Nd6 21. g4 Rfe8 22. Rd7 Red8 23. Re7 Re8 24. Rd7 Red8 25. Re7 Kf8 26. Rc7 Rdc8 27. Rd7 Ne8 28. Re1 Nf6 29. Rb7 d4 30. Ree7 dxc3 31. Rxf7+ Kg8 32. Rxg7+ Kh8 33. Rg6 Ng8 34. f6 Rab8 35. Rxb8 Rxb8 36. f7 Ne7 37. Re6 Kg7 38. Rxe7 Rd8 39. Re3 Rd1+ 40. Kh2 c5 41. Rxc3 a5 42. Rf3 Kf8 43. c4 1-0